Digital signal processing / (Record no. 11110)
[ view plain ]
| 000 -LEADER | |
|---|---|
| fixed length control field | 00699nam a22002172 4500 |
| 001 - CONTROL NUMBER | |
| control field | 0000013053 |
| 005 - DATE AND TIME OF LATEST TRANSACTION | |
| control field | 20151217154416.0 |
| 008 - FIXED-LENGTH DATA ELEMENTS--GENERAL INFORMATION | |
| fixed length control field | 090525s xx 000 0 eng d |
| 020 ## - INTERNATIONAL STANDARD BOOK NUMBER | |
| International Standard Book Number | 8131710005 : |
| 040 ## - CATALOGING SOURCE | |
| Original cataloging agency | KABU |
| Transcribing agency | KABU |
| 100 1# - MAIN ENTRY--PERSONAL NAME | |
| Personal name | Proakis, John G. |
| -- | 0000148469 |
| 245 10 - TITLE STATEMENT | |
| Title | Digital signal processing / |
| Statement of responsibility, etc. | John G. Proakis, Dimitris G. Monalakis. |
| 250 ## - EDITION STATEMENT | |
| Edition statement | 4th ed. |
| 260 ## - PUBLICATION, DISTRIBUTION, ETC. (IMPRINT) | |
| Place of publication, distribution, etc. | New Delhi : |
| Name of publisher, distributor, etc. | Dorling Kindersley (India), |
| Date of publication, distribution, etc. | 2007. |
| 300 ## - PHYSICAL DESCRIPTION | |
| Extent | xix, 1136 p. |
| 650 #0 - SUBJECT ADDED ENTRY--TOPICAL TERM | |
| Topical term or geographic name as entry element | Signal processing |
| General subdivision | Digital techniques. |
| -- | 0000170024 |
| 700 1# - ADDED ENTRY--PERSONAL NAME | |
| Personal name | Manolakis, Dimitris G. |
| -- | 0000170147 |
| 852 1# - LOCATION | |
| -- | p3,400 KES |
| 908 ## - PUT COMMAND PARAMETER (RLIN) | |
| Put command parameter | 090525 |
| 950 ## - LOCAL HOLDINGS (RLIN) | |
| -- | 1 |
| Withdrawn status | Lost status | Source of classification or shelving scheme | Not for loan | Home library | Current library | Date acquired | Total Checkouts | Total Renewals | Full call number | Barcode | Date last seen | Date last checked out | Price effective from | Koha item type |
|---|---|---|---|---|---|---|---|---|---|---|---|---|---|---|
| Library of Congress Classification | Kabarak, Main Campus | Kabarak, Main Campus | 17/12/2015 | 10 | 1 | TK5102.5 .P76 2007 c. 1 | 17701 | 14/12/2021 | 27/11/2021 | 17/12/2015 | General Collection |